000 00615nam a2200193 i 4500
001 64887
003 ES-MaACL
005 20230906165237.0
007 t|
008 040107s1954 sp ||||1| spa d
080 _a821.134.2-4"19"
100 1 _aForteza, Bartolomé.
_951857
245 1 0 _aEspectroscopio
_b: ensayos de crítica y motivos literarios /
_cBartolomé Forteza ; prólogo de José Sureda Blanes.
260 _aPalma :
_b[s.n.],
_c1954 (
_fAntigua imp. Soler)
300 _a154 p. ;
_c16 cm.
700 1 _aSureda Blanes, Josep.
_9204057
852 _aES-MaACL
_jC-10131
_bR.37136
999 _c64887
_d64887